مكتبة جامعة عجلون الوطنية

فهرس بحث المكتبة

الحماية الدولية للممرات المائية الدولية مضيق باب المندب (انموذجاً) = International Protection of International Waterways Bab el-Mandab Strait (as a Model) (Record no. 33967)

MARC details
000 -LEADER
fixed length control field 00990nam a22001937a 4500
003 - CONTROL NUMBER IDENTIFIER
control field JO-AjAnu
005 - DATE AND TIME OF LATEST TRANSACTION
control field 20250923092638.0
008 - FIXED-LENGTH DATA ELEMENTS--GENERAL INFORMATION
fixed length control field 250921b jo ||||| |||| 00| 0 ara d
040 ## - CATALOGING SOURCE
Original cataloging agency ANU
Transcribing agency JO-AjAnu
041 ## - LANGUAGE CODE
Language code of original ARA
100 ## - MAIN ENTRY--PERSONAL NAME
Personal name بني اسماعيل، عدي لطفي محمد
Relator term معد
9 (RLIN) 66638
245 ## - TITLE STATEMENT
Title الحماية الدولية للممرات المائية الدولية مضيق باب المندب (انموذجاً) = International Protection of International Waterways Bab el-Mandab Strait (as a Model)
Statement of responsibility, etc. / اعداد عدي لطفي محمد بني اسماعيل ؛ اشراف طلال العيسى
260 ## - PUBLICATION, DISTRIBUTION, ETC.
Date of publication, distribution, etc. 2025
300 ## - PHYSICAL DESCRIPTION
Extent 108 ورقة
500 ## - GENERAL NOTE
General note رسالة جامعية (رسالة ماجستير في القانون) كلية الحقوق - جامعة عجلون الوطنية ؛ 2025
650 ## - SUBJECT ADDED ENTRY--TOPICAL TERM
Form subdivision القانون الدولي البحري-مضيق باب المندب
700 ## - ADDED ENTRY--PERSONAL NAME
Personal name العيسى،طلال
9 (RLIN) 66021
Relator term مشرف
942 ## - ADDED ENTRY ELEMENTS (KOHA)
Source of classification or shelving scheme Library of Congress Classification
Koha item type Thesis
Suppress in OPAC No
Holdings
Withdrawn status Lost status Source of classification or shelving scheme Damaged status Not for loan Home library Current library Date acquired Total Checkouts Full call number Barcode Date last seen Price effective from Koha item type
    Library of Congress Classification     مكتبة جامعة عجلون الوطنية مكتبة جامعة عجلون الوطنية 21/09/2025   KZ3867.2025 A30349 21/09/2025 21/09/2025 Thesis
    Library of Congress Classification     مكتبة جامعة عجلون الوطنية مكتبة جامعة عجلون الوطنية 21/09/2025   KZ3867.2025 A30350 21/09/2025 21/09/2025 Thesis